Statistiques concernant Phases finales de Top 14 2022-2023.

Cliquez ici pour prendre le quiz!

Statistiques générales

  • Ce quiz a été pris 78 fois
  • Le résultat moyen est 6 sur 6

Statistiques - réponses

Équipes% Correct
Stade toulousain
100%
Stade rochelais
99%
Racing 92
96%
Stade français Paris
93%
Union Bordeaux Bègles
91%
Lyon OU
88%

Distribution des résultats

Percentile par nombre de réponses

% des personnes avec chaque résultat

Votre développement - résultats

Vous n’avez pas pris ce quiz